banner-ar

The Social Psychology of Aging: (Record no. 66458)

MARC details
000 -الفاتح
حقل البيانات ثابتة الطول 00637nam a22002177a 4500
005 - وقت وتاريخ اخر تعامل مع التسجيلة
رقم الضبط 20240530110919.0
008 - عناصر البيانات ثابتة الطول - معلومات عامة
حقل البيانات ثابتة الطول 220524s1994 usa g 000 0 eng d
040 ## - مصدر الفهرسة
وكالة الفهرسة الأصلية EG-CaGPL
وكالة النسخ EG-CaGPL
082 04 - رقم تصنيف ديوى العشرى
رقم التصنيف 305.26/
رقم المادة P S
100 1# - المدخل الرئيسى - إسم شخصى
رمز الرابط Pratt, Michael W
245 14 - بيان العنوان
العنوان The Social Psychology of Aging:
بقية العنوان A Cognitive Perspective /
بيان المسئوليه,etc Michael W. Pratt, Joam E Norris
260 ## - PUBLICATION, DISTRIBUTION, ETC. (IMPRINT)
تاريخ النشر أو التوزيع 1994.
300 ## - الوصف المادى
التعداد 268 p. ;
أبعاد الوعاء 20 cm.
650 0# - المدخل الاضافى بالموضوع-مصطلح موضوعى
مصطلح موضوعي Aging
التقسيم الفرعي العام Social aspects
650 0# - المدخل الاضافى بالموضوع-مصطلح موضوعى
مصدر الرأس أو المصطلح Aged
التقسيم الفرعي العام Psychology
650 0# - المدخل الاضافى بالموضوع-مصطلح موضوعى
مصطلح موضوعي Social Perception
650 0# - المدخل الاضافى بالموضوع-مصطلح موضوعى
مصطلح موضوعي Cognition in old age
700 1# - المدخل الاضافى - اسم شخصى
رمز الرابط Norris, Joan E.
942 ## - عناصر المدخل الإضافي( كوها)
مصدر التصنيف او مخطط الترفيف Dewey Decimal Classification
Koha [default] item type كتاب
260 ## - PUBLICATION, DISTRIBUTION, ETC. (IMPRINT)
-- Cambridge :
-- Blackwell;
Holdings
حالة التراجع حالة الفقد مصدر التصنيف او خطة الترفيف حالة تلف ليس للاعارة المكان المؤقت الموقع الحالى موقع الترفيف تاريخ الاكتساب اجمالي اﻻعارات رقم الطلب الباركود تاريخ اخر مشاهدة تاريخ تفعيل السعر نوع وعاء كوها
    ddc     مكتبة القاهرة الكبرى مكتبة القاهرة الكبرى ق الرئيسية_العلوم الاجتماعية_ك انجليزى 05/24/2022   305.26/ P S 167971 05/24/2022 05/24/2022 كتاب

Powered By

EGPV